00543nam a22001697a 4500003000900000008004100009040007100050082001800121100003300139245003600172260006000208300003000268505002200298650001900320650000900339650002500348AR-CdUCM190516b ||||| |||| 00| 0 spa d aMUNICIPALIDAD PROVINCIAL DEL CUSCOcBIBLIOTECA MUNICIPAL DEL CUSCO a869.56 /bH83 aHuamán Peñaloza, Domingo aEl teatro de Inocencio Mamani / aLima] :bAsociación gráfica educativa tarea,c1989. a133 páginas ;c21.5 cm. aContenido: Teatro aTeatro peruano aPuno aHistoria y crítica